000 01008nam a2200253Ia 4500
003 OSt
005 20221005112204.0
006 a|||||r|||| 00| 0
007 ta
008 221004b |||||||| |||| 00| 0 pan d
020 _c250
024 _a117122
037 _b660, 22/03/2012, H.K. Prakashan
_cTextual
040 _aCRL
_cCRL
_bpan
041 _2pan
_apan
082 _aO153,3NPR:g, P7
100 _aਜੋਗਿੰਦਰ ਸਿੰਘ, ਰਾਹੀl ਰਮਿੰਦਰ ਕੌਰ
_9624292
245 0 _aਪ੍ਰੇਮ ਪ੍ਰਕਾ ਦੀਆਂ ਕਹਾਣੀਆਂ ਵਿਚ ਕਪਾਲ
260 _aਅੰਮ੍ਰਿਤਸਰ
_bਨਾਨਕ ਸਿੰਘ ਪੁਸਤਕ ਮਾਲਾ ਭਾਰਤ
_c2007
300 _a256ਪੰ
_ccm.
650 _aਪੰਜਾਬੀ ਸਾਹਿਤ
942 _hO153,3NPR:g, P7
_cTEXL
_2cc
999 _c1024125
_d1024125